| 000 | 00416nam a22001697a 4500 | ||
|---|---|---|---|
| 005 | 20170329174348.0 | ||
| 008 | 170329b xxu||||| |||| 00| 0 eng d | ||
| 020 | _a978-81-318-0544-2 | ||
| 041 | _aeng | ||
| 082 | _a624.171 | ||
| 100 |
_aKUMAR,DR.D.S _93687 |
||
| 245 | _aBASIC OF REMOTE SENSING AND GIS | ||
| 260 |
_bUNIVERSITY SCIENCE PRESS _c2013 |
||
| 300 | _a140 | ||
| 650 |
_aENGINEERING _93688 |
||
| 942 | _cBK | ||
| 999 |
_c5330 _d5328 |
||